000 00285nam a22001337a 4500
008 170911b xxu||||| |||| 00| 0 eng d
020 _a9781609026837
041 _aeng
080 _a91
100 _a42
101 _aGJEO
245 _aSUN, MOON AND PLANETS
_cFOSS
942 _2udc
_cBK
999 _c26989
_d26989